000 00571nam a2200229Ia 4500
003 OSt
005 20221005124426.0
006 a|||||r|||| 00| 0
007 ta
008 221004b |||||||| |||| 00| 0 tam d
024 _a52342
037 _cTextual
040 _aCRL
_cCRL
_btam
041 _2tam
_atam
082 _aV211y7F78, 31H8
100 _aRamachandira
_9635205
245 0 _aMunrum kulothunga chozhan
260 _c1941
650 _aHISTORY
942 _hV211y7F78, 31H8
_cTEXL
_2cc
999 _c1050434
_d1050434